000 00434pab a2200157 454500
008 180718b1985 xxu||||| |||| 00| 0 eng d
100 _aBartlett, C.D.S.ha
245 _aIdentification of agricultural projects for an area in the gangas plain
260 _c1985
300 _a545-9
362 _aOct.-Dec.
650 _aAgriculture
700 _aRameshwa Singh
773 _aIndian Journal of Agricultural Economics
909 _a3607
999 _c3607
_d3607